000
00343nam a2200133Ia 4500
008
231017s9999 xx 000 0 und d
082
_a
388.110993
082
_b
BRA
245
0
_a
Natural Hazard Road Risk Management Part III: Performance Criteria
245
0
_c
P. Brabhaharan
260
_b
P. Brabhaharan
300
_c
30cm
942
_c
REP
999
_c
604305
_d
604305